Poesías / (Registro nro. 35493)

000 -CABECERA
campo de control de longitud fija 00638cam a22002414 4500
001 - NÚMERO DE CONTROL
campo de control 18109795
003 - IDENTIFICADOR DEL NÚMERO DE CONTROL
campo de control AR-RgUNPA
005 - FECHA Y HORA DE LA ÚLTIMA TRANSACCIÓN
campo de control 20260310115544.0
008 - DATOS DE LONGITUD FIJA--INFORMACIÓN GENERAL
campo de control de longitud fija 140409s1941 ag gr 000 0 spa
010 ## - NÚMERO DE CONTROL DE LA BIBLIOTECA DEL CONGRESO
Número de control de LC 42020498
035 ## - NÚMERO DE CONTROL DEL SISTEMA
Número de control de sistema 18109795
040 ## - FUENTE DE LA CATALOGACIÓN
Centro catalogador/agencia de origen SIUNPA
Centro/agencia transcriptor SIUNPA
Lengua de catalogación spa
Normas de descripción AACR2
080 ## - NÚMERO DE LA CLASIFICACIÓN DECIMAL UNIVERSAL
Número de la Clasificación Decimal Universal 821.134.2(82) O129p
100 1# - ENTRADA PRINCIPAL--NOMBRE DE PERSONA
Nombre de persona Obligado, Rafael
Fechas asociadas al nombre , 1851-1920.
Código de función/relación autor
245 10 - MENCIÓN DE TÍTULO
Título Poesías /
Mención de responsabilidad, etc. Carlos Obligado
250 ## - MENCIÓN DE EDICIÓN
Mención de edición 2a. ed.
260 ## - PUBLICACIÓN, DISTRIBUCIÓN, ETC.
Lugar de publicación, distribución, etc. Buenos Aires
Nombre del editor, distribuidor, etc. : Sopena
Fecha de publicación, distribución, etc. , 1957
300 ## - DESCRIPCIÓN FÍSICA
Extensión 142 p.
490 ## - MENCIÓN DE SERIE
Mención de serie (Colección Literaria / Sopena)
650 ## - PUNTO DE ACCESO ADICIONAL DE MATERIA--TÉRMINO DE MATERIA
Término de materia o nombre geográfico como elemento de entrada LITERATURA ARGENTINA
650 ## - PUNTO DE ACCESO ADICIONAL DE MATERIA--TÉRMINO DE MATERIA
Término de materia o nombre geográfico como elemento de entrada POESIA
942 ## - ELEMENTOS DE PUNTO DE ACCESO ADICIONAL (KOHA)
Fuente del sistema de clasificación o colocación
Tipo de ítem Koha Libros
Existencias
Estado de retiro Estado de pérdida Fuente del sistema de clasificación o colocación Estado dañado No para préstamo Código de colección Localización permanente Ubicación/localización actual Fecha de adquisición Fuente de adquisición Coste, precio normal de compra Número de inventario Signatura topográfica completa Código de barras Fecha visto por última vez Precio válido a partir de Tipo de ítem Koha
          Colección General SIUNPA Biblioteca Académica Malvina Perazo 2026-03-10 Donación Magnoni 29000.00 05-51985 821.134.2(82) O129p 05-51985 2026-03-10 2026-03-10 Libros